000 00690nam a2200217Ia 4500
003 GCL
008 140319s9999 xx 000 0 ara d
040 _aGCL /
_cGCL
082 0 4 _a346.002
_bع ت
100 1 _aعبدالباسط جميعى
245 1 0 _aالتنفيذ فى المواد المدنية والتجارية /
_cعبدالباسط جميعى
700 1 _aامال الغزايرى
260 _a[S.N] :
_bمنشاة المعارف ،
_c1991
300 _a324 ص
490 _aالكتب القانونية
_v0
650 0 4 _aالقانون
650 0 4 _aالعقود
650 0 4 _aالقانون الخاص
650 0 4 _aالحجز الادارى
942 _2ddc
_cBK
999 _c42117
_d42117